000 00561nam a2200193 i 4500
001 145517
003 ES-MaACL
005 20251124063455.0
007 t|
008 071015s1931 ag |||| | spa d
080 _a002(04)
100 1 _aVenegas, José,
_d1896-1948
_9113888
245 1 4 _aLos problemas del libro en la lengua castellana /
_cJosé Venegas.
260 _aMadrid :
_b[s.n.],
_c1931 (
_fImp. de Galo Sáez)
300 _a118 p. ;
_c19 cm.
650 0 7 _aLibros
_2embne
_914428
852 _aES-MaACL
_jA-2891
999 _c145517
_d145517